Marne ou Haute-Marne ? - Statistiques

Statistiques générales
  • Ce quiz a été pris 83 fois
  • Le résultat moyen est 24 sur 40
Statistiques - réponses
Hint Réponse % Correct
A pour préfecture Chaumont Haute-Marne
85%
Porte le numéro 52 Haute-Marne
85%
Ses sous-préfectures sont Langres et Saint-Dizier Haute-Marne
83%
La bataille de Valmy s'y est déroulée Marne
83%
A pour préfecture Châlons-en-Champagne Marne
82%
La cathédrale de son chef-lieu est le lieu de sacre des rois Marne
80%
Porte le numéro 51 Marne
80%
On peut se promener sur l'avenue de Champagne à Epernay Marne
78%
Le général de Gaulle y est mort Haute-Marne
77%
Saint-Dizier compte plus d'habitants que la préfecture Haute-Marne
77%
Ses sous-préfectures sont Epernay, Reims et Vitry-le-François Marne
75%
Il s'y trouve une ville de coutellerie Haute-Marne
72%
On peut y visiter le mémorial Charles de Gaulle Haute-Marne
72%
On peut y visiter le musée de la reddition du 7 mai Marne
71%
Le festival Le chien à plumes s'y déroule en août Haute-Marne
69%
Les Rèmes y ont vécu Marne
69%
Compte 566 659 habitants en 2020 Marne
69%
Compte 171 798 d'habitants en 2020 Haute-Marne
68%
Après la Grande Guerre 7 villages n'ont pas été reconstruits Marne
66%
Le dessinateur Cabu y est né Marne
66%
Sa préfecture n'est pas la plus grande ville Marne
65%
La judocate Lucie Decosse y est née Haute-Marne
58%
Le festival de la Poule des champs s'y déroule en septembre Marne
58%
Le blason contient du bleu à droite et à gauche Haute-Marne
57%
Il culmine à 523 mètres Haute-Marne
55%
L'Argonne est une région de ce département Marne
55%
En 2022, il a connu 2262 heures d'ensoleillement Marne
55%
Le blason contient du bleu en haut et en bas Marne
54%
Sa préfecture est jumelée avec San au Mali Haute-Marne
52%
Louise Michel y est née en 1830 Haute-Marne
52%
Albin Michel y est né Haute-Marne
49%
Il culmine à 286 mètres Marne
46%
En 2022, il a connu 2245 heures d'ensoleillement Haute-Marne
43%
Sa superficie est de 8169 km2 Marne
43%
Sa superficie est de 6211 km2 Haute-Marne
40%
C'est le département natal de René Lalique Marne
40%
C'est le département natal de Damien Thevenot Haute-Marne
37%
Sa préfecture est jumelée avec Mirabel au Canada Marne
37%
Michel Debré en a été sénateur Haute-Marne
25%
On peut y visiter un musée de la vannerie Indre-et-Loire
11%
Aucun quiz correspondant
Distribution des résultats
% des personnes avec chaque résultat
Percentile par nombre de réponses
Votre historique - résultats
Vous n’avez pas pris ce quiz